Alternate Movie Descriptions Quiz Stats

 Plays Quiz Updated Jun 28, 2015

Challenge
Share
Tweet
Embed
Score 0/25 Timer 08:00
0 Plays Today
% Correct
Snow White and the Seven Dwarfs
93.1%
A Christmas Carol
86.7%
Forrest Gump
85.6%
The Truman Show
85.4%
Home Alone
81.4%
Field of Dreams
81%
The Karate Kid
79.6%
The Terminator
78.6%
Iron Man
78.2%
Stand by Me
77.8%
The Matrix
77%
The Hunger Games
75.6%
O Brother, Where Art Thou?
74.7%
% Correct
The Wizard of Oz
72.2%
Gremlins
71.9%
Ghostbusters
71%
Finding Nemo
70.8%
Robin Hood: Prince of Thieves
69%
Batman
67%
Star Wars
62.8%
Old Yeller
61.4%
Back to the Future
60.2%
Rudolph the Red-Nosed Reindeer
59.3%
Groundhog Day
52.4%
I Am Legend
49.9%

You're not logged in!

Compare scores with friends on all Sporcle quizzes.
OR
Log In

You Might Also Like...

Show Comments

Extras

Top Quizzes Today


Score Distribution

Your Account Isn't Verified!

In order to create a playlist on Sporcle, you need to verify the email address you used during registration. Go to your Sporcle Settings to finish the process.

Report this User

Report this user for behavior that violates our Community Guidelines.

Details: